Undang-undang pekerja untuk pengurus / (Record no. 1921)
[ view plain ]
| 000 -LEADER | |
|---|---|
| fixed length control field | nam a22 a 4500 |
| 003 - CONTROL NUMBER IDENTIFIER | |
| control field | AKMAL |
| 005 - DATE AND TIME OF LATEST TRANSACTION | |
| control field | 20170512120900.0 |
| 008 - FIXED-LENGTH DATA ELEMENTS--GENERAL INFORMATION | |
| fixed length control field | 170512s2003 my a f|b 00 0 may d |
| 020 ## - INTERNATIONAL STANDARD BOOK NUMBER | |
| International Standard Book Number | 9831923855 (kkt.) : |
| Terms of availability | RM25.00 |
| 040 ## - CATALOGING SOURCE | |
| Original cataloging agency | AKMAL |
| Transcribing agency | AKMAL |
| 082 04 - DEWEY DECIMAL CLASSIFICATION NUMBER | |
| Classification number | 344.59501 MUM |
| Edition number | 22 |
| 090 00 - LOCALLY ASSIGNED LC-TYPE CALL NUMBER (OCLC); LOCAL CALL NUMBER (RLIN) | |
| Classification number (OCLC) (R) ; Classification number, CALL (RLIN) (NR) | 344.59501 |
| Local cutter number (OCLC) ; Book number/undivided call number, CALL (RLIN) | MUM |
| 100 0# - MAIN ENTRY--PERSONAL NAME | |
| Personal name | Mumtaj Hasan |
| 9 (RLIN) | 3994 |
| 245 10 - TITLE STATEMENT | |
| Title | Undang-undang pekerja untuk pengurus / |
| Statement of responsibility, etc. | Mumtaj Hasan, Harlida Abdul Wahab |
| 260 ## - PUBLICATION, DISTRIBUTION, ETC. | |
| Place of publication, distribution, etc. | Bentong : |
| Name of publisher, distributor, etc. | PTS Publications & Distributors, |
| Date of publication, distribution, etc. | 2003 |
| 300 ## - PHYSICAL DESCRIPTION | |
| Extent | vii, 247ms. : |
| Other physical details | il. ; |
| Dimensions | 22cm. |
| 440 #0 - SERIES STATEMENT/ADDED ENTRY--TITLE | |
| Title | Siri undang-undang |
| 9 (RLIN) | 3867 |
| 504 ## - BIBLIOGRAPHY, ETC. NOTE | |
| Bibliography, etc. note | Bibliografi : ms. 246-247 |
| 650 10 - SUBJECT ADDED ENTRY--TOPICAL TERM | |
| Topical term or geographic name entry element | Labor laws and legislation |
| Geographic subdivision | Malaysia |
| 9 (RLIN) | 3695 |
| 650 20 - SUBJECT ADDED ENTRY--TOPICAL TERM | |
| Topical term or geographic name entry element | Employment |
| Geographic subdivision | Malaysia |
| 9 (RLIN) | 3995 |
| 700 0# - ADDED ENTRY--PERSONAL NAME | |
| Personal name | Harlida Abdul Wahab |
| 9 (RLIN) | 3996 |
| 856 41 - ELECTRONIC LOCATION AND ACCESS | |
| Uniform Resource Identifier | <a href="ftp://tag856.pnm.gov.my/tag856/buku/9831923855.pdf">ftp://tag856.pnm.gov.my/tag856/buku/9831923855.pdf</a> |
| Link text | Electronic Resource |
| 942 ## - ADDED ENTRY ELEMENTS (KOHA) | |
| Source of classification or shelving scheme | |
| Koha item type | Book |
| Withdrawn status | Lost status | Source of classification or shelving scheme | Damaged status | Not for loan | Collection code | Home library | Current library | Shelving location | Date acquired | Inventory number | Total Checkouts | Full call number | Barcode | Date last seen | Price effective from | Koha item type |
|---|---|---|---|---|---|---|---|---|---|---|---|---|---|---|---|---|
| NON-FICTION | AKMAL Melaka | AKMAL Melaka | PINJAMAN | 12.05.2017 | 304196 | 344.59501 MUM | 201705854 | 12.05.2017 | 12.05.2017 | Book |
